|
|
|
|
| LEADER |
00000cam a2200000Mu 4500 |
| 001 |
EBOOKCENTRAL_on1202460509 |
| 003 |
OCoLC |
| 005 |
20240329122006.0 |
| 006 |
m o d |
| 007 |
cr ||||||||||| |
| 008 |
201031s2000 sp o ||| 0 spa d |
| 040 |
|
|
|a EBLCP
|b eng
|c EBLCP
|d YDX
|d EBLCP
|d REDDC
|d OCLCF
|d OCLCQ
|d OCLCO
|d OCLCL
|
| 019 |
|
|
|a 969371341
|
| 020 |
|
|
|a 9783865278449
|
| 020 |
|
|
|a 3865278442
|
| 020 |
|
|
|a 8495107880
|q (electronic bk.)
|
| 020 |
|
|
|a 9788495107886
|q (electronic bk.)
|
| 029 |
1 |
|
|a AU@
|b 000069393772
|
| 029 |
1 |
|
|a AU@
|b 000069667407
|
| 035 |
|
|
|a (OCoLC)1202460509
|z (OCoLC)969371341
|
| 050 |
|
4 |
|a PC4361
|b .S835 2001
|
| 082 |
0 |
4 |
|a 465
|2 23
|
| 049 |
|
|
|a UAMI
|
| 100 |
1 |
|
|a Subirats, Carlos.
|
| 245 |
1 |
0 |
|a Introducción a la Sintaxis léxica Del Español
|h [electronic resource].
|
| 260 |
|
|
|a Madrid :
|b Iberoamericana Editorial Vervuert,
|c 2000.
|
| 300 |
|
|
|a 1 online resource (250 p.).
|
| 336 |
|
|
|a text
|b txt
|2 rdacontent
|
| 337 |
|
|
|a computer
|b c
|2 rdamedia
|
| 338 |
|
|
|a online resource
|b cr
|2 rdacarrier
|
| 490 |
1 |
|
|a Lingüística Iberoamericana Ser. ;
|v v.13
|
| 500 |
|
|
|a Description based upon print version of record.
|
| 505 |
0 |
|
|a Intro -- ÍNDICE -- Prólogo -- Capítulo I -- 1. Introducción -- 1.1 Indeterminación de la aceptabilidad de discursos descontextualizados -- 1.2 Inexistencia de "reglas" gramaticales -- 1.3 Relación entre forma y significado: a propósito de las completivas -- Capítulo II -- 2. Modelo sintáctico y semántico -- 2.1 Relaciones de dependencia entre predicados y argumentos -- 2.2 Selección -- 2.3 Oraciones de base -- 2.4 Marcas de persona y número de los predicados -- 2.5 Proyecciones lineales -- 2.6 Proyecciones oracionales de las relaciones de predicación -- 2.7 Transformaciones
|
| 505 |
8 |
|
|a 2.8 Transformaciones e información oracional -- 2.9 El modelo transformacional clásico y la teoría de predicados -- 2.10 Aplicación de transformaciones -- 2.11 Derivación transformacional de la modalidad oracional y del tiempo del predicado -- 2.12 Significado y clases de relaciones -- 2.13 Base de conocimiento lingüístico -- Capítulo III -- 3. Clases de predicados -- 3.1 Predicados verbales y no verbales -- 3.1.1 Marcas temporales -- 3.1.2 Predicados de requerimiento argumental nulo -- 3.1.3 Marcas de número y persona de los predicados de requerimiento nulo -- 3.1.4 Número de argumentos
|
| 505 |
8 |
|
|a 3.1.5 Funciones sintácticas -- 3.1.6 Marcadores de argumento y funciones sintácticas -- 3.1.7 Marcadores de argumento oracional -- 3.2 Clases de proyección lineal -- 3.2.1 Predicados con formas morfofonológicas distintas -- 3.2.2 Particiones de las clases de proyección lineal -- 3.2.3 Predicados con formas morfofonológicas idénticas -- 3.3 Clases de redundancia sintáctica -- 3.4 Polisemia y clases de predicados -- 3.5 Relaciones entre predicados -- 3.5.1 Predicados autónomos y predicados derivados -- 3.5.2 Predicados polisémicos autónomos y derivados -- 3.6 Relativización
|
| 505 |
8 |
|
|a 3.6.1 Relativización de predicados nominales y adjetivos -- 3.6.2 Pasivización de predicados nominales y adjetivos -- 3.7 Reducción de la oración de relativo -- 3.8 Reducción del verbo de soporte -- 3.9 Nombres predicativos sin marcas temporales como argumentos de otros predicados -- 3.10 Verbos predicativos simples y formas verbales locutivas: nominalización deverbal y sinonimia léxica -- 3.11 Predicados nominales y argumentos lexicalizados de locuciones verbales -- 3.11.1 Nombres predicativos y locuciones verbales con tener, hacer y dar
|
| 505 |
8 |
|
|a 3.11.2 Nombres predicativos y locuciones verbales con ser -- 3.12 Nombres predicativos como argumentos lexicalizados de locuciones verbales -- 3.13 Grupos preposicionales predicativos cuyo núcleo coincide morfofonológicamente con un Npred -- 3.14 Reducción de argumentos oracionales que P -- 3.15 Verbos de elisión -- 3.15.1 Verbos predicativos de elisión del verbo de soporte -- 3.15.2 Propiedades sintácticas idiosincrásicas y léxicamente condicionadas de las construcciones con verbos de elisión -- 3.16 Locuciones verbales con propiedades de nombres predicativos -- Capítulo IV
|
| 590 |
|
|
|a ProQuest Ebook Central
|b Ebook Central Academic Complete
|
| 650 |
|
0 |
|a Spanish language
|x Syntax.
|
| 650 |
|
6 |
|a Espagnol (Langue)
|x Syntaxe.
|
| 650 |
|
7 |
|a Spanish language
|x Syntax
|2 fast
|
| 758 |
|
|
|i has work:
|a Introducción a la sintaxis léxica del español (Text)
|1 https://id.oclc.org/worldcat/entity/E39PCH8tJRyGXv3MGHFWVWVxQq
|4 https://id.oclc.org/worldcat/ontology/hasWork
|
| 776 |
0 |
8 |
|i Print version:
|a Subirats, Carlos
|t Introducción a la Sintaxis léxica Del Español
|d Madrid : Iberoamericana Editorial Vervuert,c2000
|z 9788495107886
|
| 830 |
|
0 |
|a Lingüística Iberoamericana Ser.
|
| 856 |
4 |
0 |
|u https://ebookcentral.uam.elogim.com/lib/uam-ebooks/detail.action?docID=6356092
|z Texto completo
|
| 938 |
|
|
|a ProQuest Ebook Central
|b EBLB
|n EBL29346633
|
| 938 |
|
|
|a ProQuest Ebook Central
|b EBLB
|n EBL6356092
|
| 938 |
|
|
|a YBP Library Services
|b YANK
|n 13393800
|
| 938 |
|
|
|a YBP Library Services
|b YANK
|n 13335972
|
| 994 |
|
|
|a 92
|b IZTAP
|